00367nam a22001217a 4500020001600000040001100016082001300027100001800040245007900058260003500137300002700172650004600199 qHard Cover. cSINES. a004bALI aMuhammad Ali. aCFD Modelling of Weapon Separation from Military Aircraft /cAli, Muhammad aIslamabad:bSINES-NUST,c2022. a51 p. :bill. ;c35cm. xMS-Computational Science and Engineering.